Europe and the new technologies : Six case studies in innovation and adjustment

Guardado en:
Detalles Bibliográficos
Autor principal: Sharp, Margaret
Formato: Libro
Lenguaje:Undetermined
Publicado: London Frances Pinter 1983
Materias:
Etiquetas: Agregar Etiqueta
Sin Etiquetas, Sea el primero en etiquetar este registro!
Thư viện lưu trữ: Trung tâm Học liệu Trường Đại học Cần Thơ
LEADER 00563nam a2200205Ia 4500
001 CTU_86951
008 210402s9999 xx 000 0 und d
082 |a 338.06 
082 |b S531 
100 |a Sharp, Margaret 
245 0 |a Europe and the new technologies : 
245 0 |b Six case studies in innovation and adjustment 
245 0 |c Margaret Sharp 
260 |a London 
260 |b Frances Pinter 
260 |c 1983 
650 |a Tecnological innovations 
650 |z Europe 
904 |i Truc 
980 |a Trung tâm Học liệu Trường Đại học Cần Thơ